LEADER 00461nab a2200145 i 4500 001 000000278673 003 CaOOAMICUS 005 20180831165113.0 008 180831n xx uu u0 0und r 013 $a29812 040 $aSeMil$bita 245 10$a[vedi periodico]. 773 0 $t2012 : [2].$dLeuven : Peeters, copyr. 2012.$w()218941 774 0 $tBulletin de Théologie et de Philosophie médiévales.$w()320098 996 $6245$a[vedi periodico]$9(OLS)http://semarc/title/309439 LEADER 01070nam a2200265 i 4500 001 000000125564 003 CaOOAMICUS 005 20051109000000.0 008 051109s1979 it u000 u ita u 013 $a98265 040 $aSeMil$bita 100 1 $aTwain, Mark,$d<1835-1910>.$0(OLS)http://semarc/name/21329 245 13$aLe avventure di Tom Sawyer /$cMark Twain ; introduzione e traduzione di Gianni Celati. 260 $aMilano :$bBiblioteca Universale Rizzoli,$c1979. 300 $a285 p. ;$c18 cm. 490 0 $aLa BUR dei ragazzi ;$v.[321] 500 $aFondo Ciprandi. 700 1 $aCelati, Gianni,$d<1937-2022>.$0(OLS)http://semarc/name/17371 830 3$aLa BUR dei ragazzi ;$v.[321].$0(OLS)http://semarc/title/19426 850 $aSeMil 852 $aSeMil$W1$xVenegono$y1$m1V II 40$j79993$B79993$CSeMilBibl$Z2$F105460 $81 941 1 $a1 961 $aOmaggio: Ciprandi dott. Paolo 996 $6245$aLe avventure di Tom Sawyer$9(OLS)http://semarc/title/184925 996 $6260$aMilano :$bBiblioteca Universale Rizzoli$9(OLS)http://semarc/publisher/31907